[Event "AUTO-ELITE-2521"]
[Site "http://www.queenalice.com/game.php?id=1830707"]
[Date "2024.2.1"]
[Round "1"]
[White "bishop55"]
[Black "manasses"]
[Result "1-0"]
[WhiteElo "2478"]
[BlackElo "2190"]

1. e4 c5 2. Nf3 Nc6 3. Bb5 d6 4. O-O a6 5. Bxc6+ bxc6 6. e5 e6 7. b3 g6 8. exd6
Bg7 9. Nc3 Qxd6 10. Ba3 Ne7 11. d4 Bxd4 12. Ne4 Qd5 13. Qe1 f5 14. Nxc5 Bxc5 15.
Qc3 O-O 16. Bxc5 Re8 17. Rad1 Qe4 18. Ng5 Qg4 19. Qf6 1-0

[Event "AUTO-ELITE-2521"]
[Site "http://www.queenalice.com/game.php?id=1830708"]
[Date "2024.2.1"]
[Round "1"]
[White "manasses"]
[Black "bishop55"]
[Result "0-1"]
[WhiteElo "2194"]
[BlackElo "2474"]

1. d4 Nf6 2. c4 e6 3. Nc3 d5 4. Nf3 Bb4 5. e3 O-O 6. a3 Bxc3+ 7. bxc3 c5 8. cxd5
exd5 9. Be2 Ne4 10. Qc2 Bf5 11. Qb3 c4 12. Qxb7 Qa5 13. Qb4 Nc6 14. Qxa5 Nxa5
15. Ra2 Nxc3 16. Rb2 Nb3 17. Bd2 Na4 0-1

[Event "AUTO-ELITE-2521"]
[Site "http://www.queenalice.com/game.php?id=1830713"]
[Date "2024.2.1"]
[Round "1"]
[White "raulzampronha"]
[Black "manasses"]
[Result "1-0"]
[WhiteElo "2329"]
[BlackElo "2214"]

1. d4 Nf6 2. Bf4 e6 3. e3 Be7 4. Bd3 b6 5. Nf3 O-O 6. O-O Bb7 7. Re1 c5 8. c3 d6
9. e4 Nbd7 10. h3 h6 11. Nbd2 cxd4 12. cxd4 Rc8 13. Rc1 Rxc1 14. Qxc1 Qa8 15.
Qb1 Rc8 16. Bg3 Kf8 17. Rc1 d5 18. Rxc8+ Qxc8 19. e5 Nh5 20. Bh2 g6 21. g4 Ng7
22. Bf4 h5 23. Bh6 Kg8 24. Qc2 Qxc2 25. Bxc2 Ba6 26. Ne1 hxg4 27. hxg4 f5 28. f3
Nb8 29. Bd3 Bxd3 30. Nxd3 Nc6 31. Be3 Kf7 32. Kf1 a6 33. Ke2 g5 34. Kd1 f4 35.
Bf2 Ne8 36. Kc2 1-0

[Event "AUTO-ELITE-2521"]
[Site "http://www.queenalice.com/game.php?id=1830714"]
[Date "2024.2.1"]
[Round "1"]
[White "manasses"]
[Black "raulzampronha"]
[Result "0-1"]
[WhiteElo "2205"]
[BlackElo "2243"]

1. d4 d5 2. c4 c6 3. e3 Nf6 4. Nf3 e6 5. Nc3 Nbd7 6. Be2 Bd6 7. O-O O-O 8. c5
Bc7 9. b4 e5 10. a4 e4 11. Nd2 Re8 12. b5 Nf8 13. Nb3 Bd7 14. a5 a6 15. bxc6
Bxc6 16. Bd2 Ng6 17. Na4 Qe7 18. Nb6 Rad8 19. Nc1 Qe6 20. h3 Qf5 21. f3 Nh4 22.
g4 Qe6 23. f4 Nf3+ 24. Bxf3 exf3 25. Qxf3 Ne4 26. Be1 Bb5 27. Ne2 h5 28. g5 Bxe2
29. Qxe2 Qxh3 30. Rf3 Qf5 31. Rc1 Re6 32. Qg2 g6 33. Na4 Rd7 34. Nb2 f6 35. Nd1
fxg5 36. fxg5 Qxg5 37. Qxg5 Nxg5 38. Rf1 Ne4 39. Bh4 Bxa5 40. Rc2 g5 41. Be1
Bxe1 42. Rxe1 Rf7 43. Nf2 Nxf2 44. Rxf2 Rxf2 45. Kxf2 b5 46. Rc1 Rc6 47. Kf3 Kf7
48. e4 Rf6+ 49. Ke3 Re6 50. e5 Ke7 51. c6 Kd8 52. Rc5 Kc7 53. Rxd5 Kxc6 54. Ke4
h4 55. Kf5 Kxd5 0-1

[Event "AUTO-MASTER-3227"]
[Site "http://www.queenalice.com/game.php?id=1842128"]
[Date "2024.8.19"]
[Round "1"]
[White "manasses"]
[Black "maurice916"]
[Result "1-0"]
[WhiteElo "2197"]
[BlackElo "1914"]

1. d4 Nf6 2. c4 g6 3. Nc3 Bg7 4. e4 d6 5. f3 c6 6. Be3 O-O 7. Qd2 e5 8. d5 Re8
9. h4 Na6 10. g4 cxd5 11. cxd5 Nc7 12. h5 Bxg4 13. fxg4 Nxg4 14. hxg6 fxg6 15.
Bg5 Qd7 16. Bh3 h5 17. O-O-O Rf8 18. Nge2 a6 19. Rdf1 Rae8 20. Ng3 Qd8 21. Bxd8
Rxd8 22. Bxg4 hxg4 23. Rxf8+ Rxf8 24. Rf1 Ne8 25. Rxf8+ Kxf8 26. Qg5 Kf7 27.
Qxg4 1-0

[Event "AUTO-MASTER-3227"]
[Site "http://www.queenalice.com/game.php?id=1842129"]
[Date "2024.8.19"]
[Round "1"]
[White "maurice916"]
[Black "manasses"]
[Result "0-1"]
[WhiteElo "1850"]
[BlackElo "2187"]

1. Nf3 d5 2. b3 Nf6 3. Bb2 Bf5 4. e3 e6 5. c4 Be7 6. cxd5 exd5 7. Be2 O-O 8. O-O
Nbd7 9. Ba3 c5 10. d4 b6 11. dxc5 bxc5 12. Nbd2 Rc8 13. Rc1 Qa5 14. Bb2 Rfe8 15.
a3 Ne4 16. Re1 Bf6 17. Bxf6 Ndxf6 18. a4 Nc3 19. b4 Qxb4 20. Rxc3 Qxc3 0-1

[Event "AUTO-MASTER-3227"]
[Site "http://www.queenalice.com/game.php?id=1842130"]
[Date "2024.8.19"]
[Round "1"]
[White "manasses"]
[Black "cerenzo72"]
[Result "1-0"]
[WhiteElo "2201"]
[BlackElo "2038"]

1. d4 Nf6 2. c4 e6 3. Nc3 Bb4 4. Bd2 Nc6 5. Nf3 d5 6. e3 Bxc3 7. Bxc3 Ne4 8. Bd3
Nxc3 9. bxc3 Bd7 10. O-O f5 11. Rb1 b6 12. cxd5 exd5 13. c4 O-O 14. cxd5 Ne7 15.
Qb3 Be8 16. d6+ Bf7 17. dxe7 Qxe7 18. Bc4 Bxc4 19. Qxc4+ Kh8 20. Rfc1 Rac8 21.
d5 h6 22. Nd4 a5 23. Ne6 Rf7 24. Rxb6 cxb6 25. Qxc8+ Kh7 26. Rc7 Qf6 27. Nd4 f4
28. Rxf7 Qxf7 29. Qf5+ Qxf5 30. Nxf5 Kg6 31. e4 Kf6 32. d6 Ke6 33. e5 1-0

[Event "AUTO-MASTER-3227"]
[Site "http://www.queenalice.com/game.php?id=1842131"]
[Date "2024.8.19"]
[Round "1"]
[White "cerenzo72"]
[Black "manasses"]
[Result "1-0"]
[WhiteElo "2101"]
[BlackElo "2216"]

1. e4 c5 2. Nf3 Nc6 3. d4 cxd4 4. Nxd4 Nf6 5. Nc3 e5 6. Nb3 d6 7. Bb5 Be7 8. Bg5
O-O 9. O-O Be6 10. Nd2 Nd4 11. Bd3 h6 12. Be3 d5 13. exd5 Nxd5 14. Bxd4 exd4 15.
Ne2 Bf6 16. Nf3 Ne7 17. Be4 Bc4 18. Re1 Nc6 19. Bxc6 Bxe2 20. Rxe2 bxc6 21. Rd2
Qb6 22. Rb1 Rad8 23. b4 Rfe8 24. Rd3 c5 25. bxc5 Qxc5 26. Nd2 Rc8 27. Rb2 Qe5
28. Nf3 Qe2 29. Qb1 g5 30. h3 Rc3 31. Rd2 Qe4 32. Qd1 Rxf3 33. gxf3 Qf4 34. Rb5
Be5 35. Rxe5 Qxe5 36. Rxd4 Qe6 37. Re4 Qc8 38. Rxe8+ Qxe8 39. Qd5 Qc8 40. c4 Kf8
41. Kg2 Ke7 42. c5 Qc7 43. c6 a6 44. a4 f6 45. a5 f5 46. Qc5+ Ke6 47. Qb6 Kd6
48. Qxa6 Qxc6 49. Qxc6+ Kxc6 50. Kg3 Kb5 51. h4 Kxa5 52. hxg5 hxg5 53. f4 g4 54.
Kh4 Kb6 55. Kg5 Kc6 56. Kxf5 Kd5 57. Kxg4 Ke6 58. Kg5 Ke7 59. Kg6 1-0

[Event "AUTO-MASTER-3227"]
[Site "http://www.queenalice.com/game.php?id=1842132"]
[Date "2024.8.19"]
[Round "1"]
[White "manasses"]
[Black "Jsc"]
[Result "1-0"]
[WhiteElo "2208"]
[BlackElo "2060"]

1. d4 d5 2. c4 dxc4 3. e3 e5 4. Bxc4 exd4 5. exd4 Bd6 6. Nf3 Bg4 7. O-O Nf6 8.
Bg5 Nbd7 9. Re1+ Be7 10. Nbd2 O-O 11. Qb3 b6 12. Ne4 Bxf3 13. Qxf3 Nxe4 14. Bxe7
Qxe7 15. Qxe4 Qxe4 16. Rxe4 Nf6 17. Re7 Ne8 18. Rae1 Nd6 19. Rxc7 Nxc4 20. Rxc4
Rfe8 21. Kf1 Kf8 22. Re3 b5 23. Rb4 a6 24. d5 Red8 25. Rd4 Rac8 26. f4 Rc5 27.
d6 Rc6 28. Red3 Rc1+ 29. Kf2 Rc2+ 30. Rd2 Rxd2+ 31. Rxd2 Rd7 32. g4 f6 33. Ke3
Kf7 34. f5 g5 35. Ke4 Rd8 36. Kd5 Rd7 37. Re2 h6 38. Kc6 1-0

[Event "AUTO-MASTER-3227"]
[Site "http://www.queenalice.com/game.php?id=1842133"]
[Date "2024.8.19"]
[Round "1"]
[White "Jsc"]
[Black "manasses"]
[Result "0-1"]
[WhiteElo "2072"]
[BlackElo "2189"]

1. e4 c5 2. c3 d5 3. exd5 Qxd5 4. Nf3 Nc6 5. d3 Nf6 6. c4 Qd6 7. Nc3 a6 8. a4
Bf5 9. Be2 e5 10. Be3 Rd8 11. Ne4 Nxe4 12. dxe4 Qxd1+ 13. Rxd1 Rxd1+ 14. Bxd1
Bxe4 15. O-O Bd3 16. Re1 Bxc4 17. Bf4 f6 18. Bg3 Kf7 19. Nh4 Nd4 20. f4 exf4 0-1

[Event "Challenge"]
[Site "http://www.queenalice.com/game.php?id=1845852"]
[Date "2024.10.21"]
[Round "-"]
[White "jogo"]
[Black "manasses"]
[Result "0-1"]
[WhiteElo "1999"]
[BlackElo "2204"]

1. e4 c5 2. c3 d5 3. Nf3 dxe4 4. Ng5 Nf6 5. d3 Bg4 6. f3 exf3 7. gxf3 Bh5 8. Be2
h6 9. Ne4 e6 10. Bf4 Nc6 11. Nxf6+ Qxf6 12. Bg3 Be7 13. Nd2 Rd8 14. Ne4 Qg6 15.
Qd2 f5 16. Nf2 e5 17. O-O-O f4 18. Bxf4 exf4 19. Rhg1 Qf7 20. Nh3 g5 21. Nf2 Ne5
22. Kc2 Bxf3 23. Bxf3 Nxf3 24. Qc1 Nxg1 25. Rxg1 Qf5 26. Ne4 c4 27. Nf2 cxd3+
28. Kd2 Bc5 29. Qe1+ Be3+ 30. Kd1 d2 31. Qf1 f3 32. Nh3 Qb1# 0-1

[Event "Challenge"]
[Site "http://www.queenalice.com/game.php?id=1845854"]
[Date "2024.10.21"]
[Round "-"]
[White "manasses"]
[Black "jogo"]
[Result "1-0"]
[WhiteElo "2201"]
[BlackElo "1751"]

1. d4 Nf6 2. c4 g6 3. Nc3 Bg7 4. e4 O-O 5. f3 c6 6. Be3 d5 7. e5 Ne8 8. Qd2 dxc4
9. Bxc4 b5 10. Bb3 a5 11. a3 a4 12. Bc2 Nc7 13. h4 Nd5 14. Bh6 Bxh6 15. Qxh6 Ne3
16. Qxe3 f5 17. O-O-O Na6 18. Nge2 Nc7 19. h5 Nd5 20. Nxd5 cxd5 21. hxg6 hxg6
22. Qh6 Qe8 23. Qh7# 1-0

[Event "AUTO-MASTER-3239"]
[Site "http://www.queenalice.com/game.php?id=1847425"]
[Date "2024.11.19"]
[Round "1"]
[White "chessman"]
[Black "manasses"]
[Result "0-1"]
[WhiteElo "1880"]
[BlackElo "2202"]

1. e4 c5 2. Nf3 Nc6 3. c4 d6 4. Be2 Nf6 5. d3 g6 6. O-O Bg7 7. h3 O-O 8. Nc3 a6
9. a3 Bd7 10. Be3 Rb8 11. Nd5 b5 12. b3 e6 13. Rc1 exd5 14. exd5 Ne7 15. Bg5 h6
0-1

[Event "AUTO-MASTER-3239"]
[Site "http://www.queenalice.com/game.php?id=1847426"]
[Date "2024.11.19"]
[Round "1"]
[White "manasses"]
[Black "chessman"]
[Result "1-0"]
[WhiteElo "2210"]
[BlackElo "1861"]

1. d4 d5 2. c4 c6 3. Nf3 Nf6 4. Nc3 e6 5. Bg5 Be7 6. e3 O-O 7. Bd3 Nbd7 8. O-O
a6 9. a3 Re8 10. b4 h6 11. Bh4 Nf8 12. Ne5 Bd7 13. c5 Qc7 14. f4 Reb8 15. Bxf6
Bxf6 16. Qh5 Bxe5 17. fxe5 Be8 18. Rf6 Ng6 19. Raf1 Qe7 20. R1f3 Kh7 21. Rh3 a5
22. g4 axb4 23. g5 1-0

[Event "AUTO-MASTER-3239"]
[Site "http://www.queenalice.com/game.php?id=1847443"]
[Date "2024.11.19"]
[Round "1"]
[White "manasses"]
[Black "Capixabba789"]
[Result "1-0"]
[WhiteElo "2216"]
[BlackElo "1907"]

1. d4 d5 2. c4 Nf6 3. Nc3 e6 4. Bg5 Be7 5. e3 c6 6. Nf3 O-O 7. Bd3 Nbd7 8. O-O
Re8 9. a3 dxc4 10. Bxc4 Nf8 11. h3 Ng6 12. e4 b5 13. Ba2 a5 14. e5 Nd5 15. Bxe7
Qxe7 16. Ne4 Ba6 17. Nfd2 Rac8 18. Nd6 Ngf4 19. Rc1 b4 20. Bc4 Bxc4 21. N2xc4
Qg5 22. Qg4 Qxg4 23. hxg4 Ne2+ 24. Kh1 Nxc1 25. Rxc1 bxa3 26. bxa3 Rb8 27. Nxe8
Rxe8 28. Nxa5 h6 29. Rxc6 Ra8 30. Rc5 1-0

[Event "AUTO-MASTER-3239"]
[Site "http://www.queenalice.com/game.php?id=1847444"]
[Date "2024.11.19"]
[Round "1"]
[White "Capixabba789"]
[Black "manasses"]
[Result "0-1"]
[WhiteElo "1935"]
[BlackElo "2212"]

1. e4 c5 2. d4 cxd4 3. Qxd4 Nc6 4. Qd1 Nf6 5. Bd3 e5 6. Nf3 Bc5 7. c3 d6 8. O-O
Bg4 9. Nbd2 O-O 10. Qe1 h6 11. b4 Bb6 12. b5 Ne7 13. a4 Rc8 14. Bb2 Nd7 15. Nh4
Nc5 16. Be2 Bxe2 17. Qxe2 Ne6 18. Nf5 Ng6 19. Nc4 Nef4 20. Qd1 Rxc4 21. Nxd6 Rc7
22. Nf5 Rd7 23. Qg4 h5 0-1

[Event "AUTO-MASTER-3239"]
[Site "http://www.queenalice.com/game.php?id=1847446"]
[Date "2024.11.19"]
[Round "1"]
[White "jlpbarreto"]
[Black "manasses"]
[Result "1-0"]
[WhiteElo "1975"]
[BlackElo "2211"]

1. e4 c5 2. Nf3 Nc6 3. d4 cxd4 4. Nxd4 e5 5. Nb5 Nf6 6. Nd2 a6 7. Nc3 Bb4 8. Bc4
b5 9. Bd5 Bxc3 10. bxc3 d6 11. Bxc6+ Bd7 12. Bxa8 Qxa8 13. O-O O-O 14. Ba3 Qc6
15. Re1 Qb6 16. Qe2 Rc8 17. Qe3 Qc6 18. Bb4 d5 19. exd5 Nxd5 20. Qe4 f6 21. Rad1
Qe6 22. Nb3 Bc6 23. Nd4 Nxb4 24. Nxe6 Bxe4 25. Rd8+ Rxd8 26. Nxd8 Nxa2 27. Rxe4
Nxc3 28. Re3 Na4 29. Ne6 a5 30. Nd8 Nc5 31. Nc6 a4 32. c4 bxc4 33. Rc3 1-0

[Event "AUTO-ELITE-2561"]
[Site "http://www.queenalice.com/game.php?id=1847531"]
[Date "2024.11.20"]
[Round "1"]
[White "Sexxy_Bunny"]
[Black "manasses"]
[Result "1-0"]
[WhiteElo "2659"]
[BlackElo "2218"]

1. e4 c5 2. Nf3 Nc6 3. d4 cxd4 4. Nxd4 e5 5. Nb5 d6 6. N1c3 a6 7. Na3 b5 8. Nd5
Nf6 9. Bg5 Be7 10. Bxf6 Bxf6 11. c3 O-O 12. Nc2 Be6 13. a4 Rb8 14. axb5 axb5 15.
Bd3 Bg5 16. Ncb4 Bxd5 17. Nxd5 b4 18. O-O bxc3 19. bxc3 Ne7 20. Bc4 Qc8 21.
Nxe7+ Bxe7 22. Qd5 Qe6 23. Qd3 Qg6 24. Rfb1 h6 25. g3 Rxb1+ 26. Rxb1 h5 27. h3
Qf6 28. Bd5 g6 29. Rb7 Kh8 30. Kg2 Kg7 31. Qa6 Re8 32. Qa4 Kf8 33. c4 Qg5 34. h4
Qf6 35. Rb3 g5 36. Rf3 Qg6 37. hxg5 Bxg5 38. Bxf7 Qxf7 39. Rxf7+ Kxf7 40. Qd7+
Be7 41. Qf5+ Bf6 42. Qxh5+ 1-0

[Event "AUTO-ELITE-2561"]
[Site "http://www.queenalice.com/game.php?id=1847532"]
[Date "2024.11.20"]
[Round "1"]
[White "manasses"]
[Black "Sexxy_Bunny"]
[Result "0-1"]
[WhiteElo "2219"]
[BlackElo "2674"]

1. d4 Nf6 2. c4 e6 3. Nc3 Bb4 4. a3 Bxc3+ 5. bxc3 c5 6. Nf3 O-O 7. Bg5 h6 8. Bh4
Qa5 9. Bxf6 Qxc3+ 10. Nd2 gxf6 11. dxc5 Na6 12. Rc1 Qxa3 13. Ne4 Qa5+ 14. Qd2
Qxd2+ 15. Kxd2 f5 16. Nf6+ Kg7 17. Nh5+ Kh8 18. Nf6 Nxc5 19. Rc3 Kg7 20. Nh5+
Kh8 21. Nf6 Kg7 22. Nh5+ Kh8 23. Nf6 Rd8 24. Rh3 d5 25. cxd5 Kg7 26. Nh5+ Kf8
27. Nf4 e5 28. Nd3 Rxd5 29. Ke1 Kg7 30. Nc1 Be6 31. f4 a5 32. fxe5 Rxe5 33. Nd3
Nxd3+ 34. Rxd3 a4 35. Rg1 a3 0-1

[Event "AUTO-ELITE-2561"]
[Site "http://www.queenalice.com/game.php?id=1847537"]
[Date "2024.11.20"]
[Round "1"]
[White "manasses"]
[Black "raulzampronha"]
[Result "0-1"]
[WhiteElo "2223"]
[BlackElo "2217"]

1. d4 d5 2. c4 c6 3. Nf3 Nf6 4. Nc3 e6 5. Bg5 Nbd7 6. e3 Bd6 7. Bd3 dxc4 8. Bxc4
Qe7 9. O-O O-O 10. Ne4 h6 11. Bh4 g5 12. Nexg5 hxg5 13. Bxg5 Kg7 14. Nd2 Qe8 15.
f4 Rh8 16. e4 Qg8 17. e5 Be7 18. f5 exf5 19. Rxf5 Qh7 20. Bxf6+ Bxf6 21. exf6+
Kf8 22. Qe2 Qxh2+ 23. Kf1 Qh1+ 24. Kf2 Qh4+ 25. g3 Qh2+ 26. Kf3 Qxe2+ 27. Kxe2
Rh2+ 28. Kd3 Nb6 29. Rf4 Rxd2+ 30. Kxd2 Nxc4+ 31. Kc3 Nb6 32. Rh1 Ke8 33. Rh8+
Kd7 34. Rf1 Kc7 35. Kd3 Bf5+ 36. Rxf5 Rxh8 37. g4 Nd5 38. a3 Kd7 0-1

[Event "AUTO-ELITE-2561"]
[Site "http://www.queenalice.com/game.php?id=1847538"]
[Date "2024.11.20"]
[Round "1"]
[White "raulzampronha"]
[Black "manasses"]
[Result "1-0"]
[WhiteElo "2231"]
[BlackElo "2194"]

1. d4 Nf6 2. c4 e6 3. Nf3 d5 4. e3 Bb4+ 5. Nbd2 O-O 6. a3 Be7 7. Bd3 Nbd7 8. O-O
c5 9. b3 b6 10. Bb2 Bb7 11. Qe2 Rc8 12. Rfd1 Ne4 13. Rac1 f5 14. Ne5 Nxe5 15.
dxe5 Qe8 16. Nf1 f4 17. exf4 Rxf4 18. f3 Ng5 19. Ng3 d4 20. Rf1 Qf7 21. Rce1 h5
22. Bc1 Rh4 23. f4 Nh7 24. Ne4 Bxe4 25. Bxe4 Rd8 26. g3 Rg4 27. Bf3 Qf5 28. Bxg4
hxg4 29. Qe4 g6 30. Qxf5 gxf5 31. Bd2 Nf8 32. b4 cxb4 33. axb4 Nd7 34. Ra1 Ra8
35. Rfc1 Kf8 36. Kf1 Nb8 37. Ke2 Nc6 38. b5 Nd8 39. Ra4 Nb7 40. Rca1 d3+ 41. Kd1
Bc5 42. Rxa7 Rxa7 43. Rxa7 Nd8 44. Be1 Bg1 45. Kd2 1-0